000 00831nam a2200229 a 4500
001 000018438
005 20200929165816.0
008 100506s1942 sp 000 0 spa d
040 _aDO-SdBNP
_bspa
082 _a864.2
_bP981c
100 1 _aPulgar, Fernando del,
_dca. 1430-ca. 1493
_939915
245 1 0 _aClaros varones de castilla /
_cFernando del Pulgar ; edición y notas de J. Domínguez Bordona.
260 _aMadrid :
_bEspasa-Calpe,
_c1942.
300 _axxxii, 164,[2] p. ;
_c19 cm.
490 1 _aClásicos castellanos
_v49
504 _aIncluye referencias bibliográficas y notas al pie de las páginas.
650 4 _aEnsayos españoles
_93095
650 4 _aLiteratura española
_9632
700 1 _aDomínguez Bordona, Jesús,
_eed.
_d1889-1963
_939916
830 0 _aClásicos castellanos ;
_v49
_94180
049 _aBNGR
999 _c17958
_d17958